000 00848nam a2200253Ia 4500
003 OSt
005 20220918164720.0
006 a|||||r|||| 00| 0
007 ta
008 220917b |||||||| |||| 00| 0 eng d
020 _a0714656283 (hbk)
_c5665.10
024 _a236,614
037 _b3051, 24/10/2008, Bharat Scientific Syndicate
_cTextual
040 _aARTS
_cARTS
_beng
041 _2eng
_aeng
082 _aV73:194618.N92<-N61, P5
100 _aPanaspornprasit Chookiat
_920237
245 0 _aUS Kuwaiti relations, 1961-1992
_b An uneasy relationship
260 _aLondon
_bRoutledge Taylor & Francis UK
_c2005
300 _a196p.
_ccm.
650 _aHISTORY
942 _hV73:194618.N92<-N61, P5
_cTEXL
_2CC
999 _c126120
_d126120